Central Library OPAC University of Rajshahi

روم‍ی‌ ع‍ص‍ر: ش‍رح‌ اح‍وال‌ و آث‍ار ع‍لام‍ه‌ م‍ح‍م‍د اق‍ب‍ال‌ ش‍اع‍ر م‍ل‍ی‌ پ‍اک‍س‍ت‍ان‌ ;; Rumi Asr: Explanation of the conditions and effectumi Asr:sharhi ahwal wa asar Allama Muhammad Iqbal,shaer Meli Pakistan/ رومي العصر: شرح ظر (Record no. 78750)

MARC details
000 -LEADER
fixed length control field 01382nam a2200229 a 4500
001 - CONTROL NUMBER
control field 78750
003 - CONTROL NUMBER IDENTIFIER
rucl marc code BD-RjUL
005 - DATE AND TIME OF LATEST TRANSACTION
control field 20211209083153.0
008 - FIXED-LENGTH DATA ELEMENTS--GENERAL INFORMATION
fixed length control field 211110s1938 ir ||||| |||| 00| 0cper d
035 ## - SYSTEM CONTROL NUMBER
System control number (BD-RjUL)78976
040 ## - CATALOGING SOURCE
Original cataloging agency BD-RjUL
Language of cataloging eng
Transcribing agency BD-RjUL
041 ## - LANGUAGE CODE
Language code of text/sound track or separate title per
082 ## - DEWEY DECIMAL CLASSIFICATION NUMBER
Classification number 891.415
Author mark and year IRA 1928
Edition number 23
100 1# - MAIN ENTRY--PERSONAL NAME
Personal name Irfani, Abdul Hamid, ;; ع‍رف‍ان‍ی‌، ع‍ب‍دال‍ح‍م‍ی‍د‏‫،
Dates associated with a name ۱۸۹۸ - ۱۹۷۲م
9 (RLIN) 80963
245 10 - TITLE STATEMENT
Title روم‍ی‌ ع‍ص‍ر: ش‍رح‌ اح‍وال‌ و آث‍ار ع‍لام‍ه‌ م‍ح‍م‍د اق‍ب‍ال‌ ش‍اع‍ر م‍ل‍ی‌ پ‍اک‍س‍ت‍ان‌ ;; Rumi Asr: Explanation of the conditions and effectumi Asr:sharhi ahwal wa asar Allama Muhammad Iqbal,shaer Meli Pakistan/ رومي العصر: شرح ظر
Statement of responsibility, etc. Abdul Hamid Irfani; Introduction by Saeed Nafisi ;; ت‍ال‍ی‍ف‌ ع‍ب‍دال‍ح‍م‍ی‍د ع‍رف‍ان‍ی‌؛ م‍ق‍دم‍ه‌ ب‍ق‍ل‍م‌ س‍ع‍ی‍د ن‍ف‍ی‍س‍ی
260 ## - PUBLICATION, DISTRIBUTION, ETC. (IMPRINT)
Place of publication, distribution, etc. ت‍ه‍ران‌ ;;‌TEHRAN:
Name of publisher, distributor, etc. ک‍ان‍ون‌ م‍ع‍رف‍ت‌, ;; Kanun i marefat,
Date of publication, distribution, etc. 1938
300 ## - PHYSICAL DESCRIPTION
Pagination 296 p. ;
Size 21 cm
600 ## - SUBJECT ADDED ENTRY--PERSONAL NAME
Personal name Iqbal ، Muhammad
Dates associated with a name 1877 - 1938
General subdivision Biography
650 ## - SUBJECT ADDED ENTRY--TOPICAL TERM
Topical term or geographic name as entry element شعر فارسی -- قرن
9 (RLIN) 246933
700 ## - ADDED ENTRY--PERSONAL NAME
Personal name Nafisi, Saeed
942 ## - ADDED ENTRY ELEMENTS (KOHA)
Source of classification or shelving scheme Dewey Decimal Classification
Koha item type Books
Holdings
Lost status Source of classification or shelving scheme Damaged status Not for loan Collection code Permanent Location Current Location Shelving location Date acquired Total Checkouts Full call number Date last seen Copy number Koha item type
  Dewey Decimal Classification   Not For Loan Non-fiction Central Library, University of Rajshahi Central Library, University of Rajshahi Reading Room 10/11/2021   F 891.415 IRA 1928 10/11/2021 C-1 Books
  Dewey Decimal Classification     Non-fiction Central Library, University of Rajshahi Central Library, University of Rajshahi   10/11/2021   F 891.415 IRA 1928 10/11/2021 C-2 Books